Spectral theory of operators in Hilbert space /
Guardado en:
| Autor Principal: | |
|---|---|
| Formato: | Libro |
| Idioma: | English |
| Publicado: |
[New York] :
[Courant] Institute of Mathematical Sciences, New York University,
1960.
|
| Etiquetas: |
Agregar Etiqueta
Sin Etiquetas, Sea el primero en etiquetar este registro!
|
| LEADER | 00533nam a22001335a 4500 | ||
|---|---|---|---|
| 001 | MAT.inmabb001384 | ||
| 008 | 031124s1960####nyu###########000#0#eng#d | ||
| 005 | 20130305155434.0 | ||
| 245 | 1 | 0 | |a Spectral theory of operators in Hilbert space / |c K. O. Friedrichs. |
| 260 | |a [New York] : |b [Courant] Institute of Mathematical Sciences, New York University, |c 1960. | ||
| 300 | |a iii h., 205 p. ; |c 28 cm. | ||
| 100 | 1 | |a Friedrichs, K. O. |q (Kurt Otto), |d 1901- | |
| 084 | |a 47-01 (46-01 47A10 47A55 47B25 47E05) |2 msc2000 | ||
| 859 | |h 47 |i F911 |p A-1639 |b BIB. MATEMATICA | ||
